000 00902nam a22002777a 4500
003 OSt
005 20210414095244.0
008 210311s2004 ||||| |||| 00| 0 eng d
020 _a9781564021595 (first paperback edition)
020 _a1564021599 (first paperback edition)
020 _a9780763624330 (second paperback edition)
020 _a0763624330 (second paperback edition)
040 _aeng
_beng
_cDLC
041 _aeng
080 _a61
_bH-30
100 _91363
_aHarris, H. Robie
245 _aIt's Perfectly Normal / A Book about Changing Bodies, Growing up, Sex and Sexual Health
_c/ by: Candlewick Press
250 _a2nd edition
260 _aCambridge, Mass.
_bCandlewick Press
_c2004
300 _a95 p.
_bill,
365 _b10.99 usd
650 0 _969
_aMedicine
653 _aმედიცინა
700 _91364
_aEmberley, Michael
_eIllustrator
942 _2udc
_cBK
_e2
999 _c2129
_d2129